El sendero y los días /

Guardado en:
Autor Principal: Ciocchini, Héctor E.
Formato: Libro
Publicado: Bahía Blanca : Universidad Nacional de Sur / Instituto de Humanidades, 1973
Series:Cuadernos del Sur
Materias:
Etiquetas: Agregar Etiqueta
Sin Etiquetas, Sea el primero en etiquetar este registro!
LEADER 00507nam a22001695a 4500
001 CEM.cems001697
005 20060214000000.0
008 130507s1973##################000#0#####d
003 CEMS
082 0 4 |a 808.1 
100 1 |a Ciocchini, Héctor E. 
245 1 0 |a El sendero y los días / 
260 |a Bahía Blanca :  |b Universidad Nacional de Sur / Instituto de Humanidades,  |c 1973 
300 |a 191 p. 
490 0 |a Cuadernos del Sur 
653 |a Literatura 
859 |a CEMS  |b BIB. CEMS - 11 de abril  |h 808.1  |i C494  |p 15313.88  |t Ej.1